书目信息 |
| 题名: |
建筑安装工程施工内业档案编制指南
|
|
| 作者: | 汪绯 主编 | |
| 分册: | ||
| 出版信息: | 哈尔滨 哈尔滨工业大学出版社 2002.09 |
|
| 页数: | 246页 | |
| 开本: | 26cm | |
| 丛书名: | ||
| 单 册: | ||
| 中图分类: | TU , TU758-62 | |
| 科图分类: | ||
| 主题词: | 建筑工程--各种 | |
| 电子资源: | ||
| ISBN: | 7-5603-1761-8 | |
| 000 | 00641nam0 2200205 45 | |
| 001 | 8061404683 | |
| 005 | 1980011117032406 | |
| 010 | @a7-5603-1761-8@dRMB 20.00 | |
| 100 | @a19800111d2002 km y0chiy0120 ea | |
| 101 | 0 | @achi |
| 102 | @aCN@b230000 | |
| 200 | 1 | @a建筑安装工程施工内业档案编制指南@Ajian zhu an zhuang gong cheng shi gong nei ye dang an bian zhi zhi nan@f汪绯主编@Fwang fei zhu bian |
| 210 | @a哈尔滨@c哈尔滨工业大学出版社@d2002.09 | |
| 215 | @a246页@d26cm | |
| 606 | 0 | @a建筑工程@x各种 |
| 690 | @aTU@v3 | |
| 690 | @aTU758-62@v4 | |
| 701 | 0 | @a汪绯@Awang fei@4主编 |
| 801 | 0 | @aCN@bPFT@c19800111 |
| 905 | @a10447@dTU758-62@eW053 | |
| 建筑安装工程施工内业档案编制指南/汪绯主编.-哈尔滨:哈尔滨工业大学出版社,2002.09 |
| 246页;26cm |
| ISBN 7-5603-1761-8:RMB 20.00 |
| ● |
| 相关链接 |
|
|
|
正题名:建筑安装工程施工内业档案编制指南
索取号:TU758-62/W053
 
预约/预借
| 序号 | 登录号 | 条形码 | 馆藏地/架位号 | 状态 | 备注 |
| 1 | 369968 | 203699685 | 建筑库201/201建筑库 43排6列4层/ [索取号:TU758-62/W053] | 在馆 | |
| 2 | 369969 | 203699694 | 管理学院资料室/ [索取号:TU758-62/W053] | 在馆 | |
| 3 | 369970 | 203699701 | 管理学院资料室/ [索取号:TU758-62/W053] | 在馆 |